[Event "PAR-ch U18"]
[Site "Asuncion"]
[Date "2019.02.09"]
[Round "9"]
[White "Villalba Galeano, Ana Jesus"]
[Black "Aguero Centurion, Abel Alejandro"]
[Result "0-1"]
[WhiteElo "1222"]
[BlackElo "2015"]
[PlyCount "88"]
[EventDate "2019.02.04"]
[EventType "tourn"]
[EventRounds "9"]
[EventCountry "PAR"]
[SourceTitle "CBM 189 Extra"]
[Source "ChessBase"]
[SourceDate "2019.05.31"]
[SourceVersion "1"]
[SourceVersionDate "2019.05.31"]
[SourceQuality "1"]

1. e4 c5 2. Nf3 a6 3. Bc4 e6 4. 0-0 b5 5. Be2 Bb7 6. d3 Qc7 7. c3 Nf6 8. e5 Nd5 9. d4 Nc6 10. Be3 Nxe3 11. fxe3 Be7 12. Nbd2 Rd8 13. Ne4 Nxd4 14. Nxc5 Nxe2+ 15. Qxe2 Qxc5 16. Rad1 0-0 17. Qf2 Bxf3 18. Qxf3 Qxe5 19. Qf4 Qxf4 20. exf4 Bc5+ 21. Kh1 d5 22. Rf3 b4 23. Rfd3 bxc3 24. Rxc3 Rc8 25. Rdc1 Rb8 26. Rxc5 Rxb2 27. Ra5 Rfb8 28. h3 g6 29. Rxa6 Rf2 30. Ra4 Rbb2 31. a3 Rxg2 32. Rc8+ Kg7 33. Rb4 Rh2+ 34. Kg1 Rbg2+ 35. Kf1 Ra2 36. Kg1 Rxh3 37. a4 Rg3+ 38. Kh1 h5 39. Ra8 h4 40. Rbb8 Rc3 41. Rb1 Rcc2 42. a5 h3 43. a6 Rh2+ 44. Kg1 Rag2+ 0-1

[Event "PAR-ch U18"]
[Site "Asuncion"]
[Date "2019.02.08"]
[Round "7"]
[White "Benitez Galeano, Alejandro"]
[Black "Aguero Centurion, Abel Alejandro"]
[Result "1-0"]
[WhiteElo "1940"]
[BlackElo "2015"]
[PlyCount "175"]
[EventDate "2019.02.04"]
[EventType "tourn"]
[EventRounds "9"]
[EventCountry "PAR"]
[SourceTitle "CBM 189 Extra"]
[Source "ChessBase"]
[SourceDate "2019.05.31"]
[SourceVersion "1"]
[SourceVersionDate "2019.05.31"]
[SourceQuality "1"]

1. d4 Nf6 2. c4 e6 3. Nf3 Bb4+ 4. Bd2 Qe7 5. g3 b6 6. Bg2 Bb7 7. 0-0 0-0 8. Bf4 Bd6 9. Ne5 Bxg2 10. Kxg2 Bxe5 11. Bxe5 d6 12. Bf4 e5 13. Bg5 exd4 14. Qxd4 Qe4+ 15. Qxe4 Nxe4 16. Bf4 Re8 17. f3 Nc5 18. Nc3 Nc6 19. Rfd1 h6 20. h4 a5 21. Kf2 Ne6 22. Be3 Ne7 23. h5 Rad8 24. Rac1 Rd7 25. b3 f5 26. Rc2 Rf8 27. Bc1 Nc6 28. Rcd2 Ng5 29. Nd5 Nb4 30. Nf4 a4 31. a3 Nc6 32. b4 Ne5 33. Rc2 Re8 34. Bb2 Rf7 35. Rd5 Nh7 36. Ng6 Nf6 37. Nxe5 dxe5 38. Rxe5 Rd8 39. Rxf5 Rd1 40. g4 c6 41. Be5 Kf8 42. Rc3 Ke8 43. Re3 Re7 44. Bxf6 Rxe3 45. Kxe3 gxf6 46. Rxf6 Ra1 47. Rxc6 Rxa3+ 48. Kd2 Ra2+ 49. Kc3 Rxe2 50. Rxb6 Re3+ 51. Kb2 Rxf3 52. Rxh6 Rb3+ 53. Ka2 Rxb4 54. Re6+ Kf7 55. Re4 Rb3 56. c5 Rc3 57. Rxa4 Rxc5 58. Kb3 Kf6 59. Rc4 Ra5 60. Re4 Kg5 61. Kc4 Ra8 62. Kd4 Rd8+ 63. Ke3 Rd5 64. Rd4 Ra5 65. Kd3 Ra8 66. Kc4 Rc8+ 67. Kd5 Re8 68. Kc6 Re1 69. Kd7 Re5 70. Kd8 Re6 71. Ra4 Re1 72. Rd4 Re6 73. Rc4 Re1 74. Kd7 Re5 75. Kd6 Re8 76. Kd5 Ra8 77. Ke6 Ra6+ 78. Kd7 Ra8 79. Re4 Ra6 80. Ke7 Ra7+ 81. Kf8 Ra6 82. Kf7 Ra7+ 83. Re7 Ra4 84. Kg7 Rxg4 85. h6 Kf5+ 86. Kf8 Rh4 87. h7 Kg6 88. Kg8 1-0

[Event "PAR-ch U18"]
[Site "Asuncion"]
[Date "2019.02.05"]
[Round "2"]
[White "Perez Canete, Ivan"]
[Black "Aguero Centurion, Abel Alejandro"]
[Result "0-1"]
[WhiteElo "1622"]
[BlackElo "2015"]
[PlyCount "94"]
[EventDate "2019.02.04"]
[EventType "tourn"]
[EventRounds "9"]
[EventCountry "PAR"]
[SourceTitle "CBM 189 Extra"]
[Source "ChessBase"]
[SourceDate "2019.05.31"]
[SourceVersion "1"]
[SourceVersionDate "2019.05.31"]
[SourceQuality "1"]

1. d4 Nf6 2. Nf3 c5 3. g3 cxd4 4. Bg2 e5 5. 0-0 Nc6 6. c3 dxc3 7. Nxc3 Bc5 8. Bg5 d6 9. Ne4 Be6 10. Nxc5 dxc5 11. Qxd8+ Rxd8 12. Bxf6 gxf6 13. Rfd1 Ke7 14. b3 b6 15. Nd2 Nd4 16. e3 Ne2+ 17. Kf1 Nc3 18. Rdc1 Rxd2 19. Rxc3 Rhd8 20. Be4 Bh3+ 21. Ke1 f5 22. Rc2 R2d6 23. Bf3 Bg4 24. Be2 Re6 25. Bc4 Rh6 26. h4 f4 27. Rd2 fxe3 28. fxe3 Rdd6 29. Rxd6 Rxd6 30. Be2 Bxe2 31. Kxe2 f5 32. Rc1 Ke6 33. Rc2 a5 34. Rc4 Kd5 35. a4 b5 36. axb5 Rb6 37. Ra4 Rxb5 38. Ra3 c4 39. bxc4+ Kxc4 40. Ra2 Kb3 41. Rd2 a4 42. Rd3+ Ka2 43. Rc3 a3 44. Kd2 Rb3 45. Rc1 e4 46. Rc5 Rd3+ 47. Ke2 Kb2 0-1

[Event "PAR-ch U18"]
[Site "Asuncion"]
[Date "2019.02.04"]
[Round "1"]
[White "Aguero Centurion, Abel Alejandro"]
[Black "Mayeregger, Arnold"]
[Result "0-1"]
[WhiteElo "2015"]
[BlackElo "1841"]
[PlyCount "42"]
[EventDate "2019.02.04"]
[EventType "tourn"]
[EventRounds "9"]
[EventCountry "PAR"]
[SourceTitle "CBM 189 Extra"]
[Source "ChessBase"]
[SourceDate "2019.05.31"]
[SourceVersion "1"]
[SourceVersionDate "2019.05.31"]
[SourceQuality "1"]

1. d4 Nf6 2. c4 c5 3. d5 b5 4. cxb5 a6 5. f3 e6 6. e4 c4 7. Bxc4 Bb7 8. dxe6 fxe6 9. Ne2 axb5 10. Bxb5 Bc5 11. Bf4 Qb6 12. Nbc3 0-0 13. Qd3 Bf2+ 14. Kf1 Nc6 15. a3 d5 16. exd5 Nb4 17. Qd2 Nfxd5 18. Nxd5 Nxd5 19. Bg5 Be3 20. Bxe3 Nxe3+ 21. Kf2 Nf5+ 0-1

[Event "Asuncion Viejos Tiempos Cup"]
[Site "Asuncion"]
[Date "2019.01.23"]
[Round "6"]
[White "Aguero Centurion, Abel Alejandro"]
[Black "Montiel, Angel Nathanael"]
[Result "0-1"]
[WhiteElo "2099"]
[BlackElo "1648"]
[PlyCount "56"]
[EventDate "2019.01.15"]
[EventType "swiss"]
[EventRounds "7"]
[EventCountry "PAR"]
[SourceTitle "CBM 188 Extra"]
[Source "ChessBase"]
[SourceDate "2019.02.28"]
[SourceVersion "1"]
[SourceVersionDate "2019.02.28"]
[SourceQuality "1"]

1. e4 c5 2. Nf3 d6 3. d4 cxd4 4. Qxd4 Nc6 5. Bb5 Bd7 6. Bxc6 Bxc6 7. Nc3 Nf6 8. Bg5 Qc7 9. 0-0-0 a6 10. Rhe1 e5 11. Qd2 Nd7 12. Nd5 Bxd5 13. Qxd5 Rc8 14. Re2 b5 15. Nh4 Nb6 16. Qd3 h6 17. Be3 g6 18. Bxb6 Qxb6 19. f4 Be7 20. Nf3 0-0 21. f5 Rc6 22. fxg6 fxg6 23. Qd5+ Kg7 24. h4 Rf6 25. h5 Rc5 26. Qd2 Rxf3 27. gxf3 Bg5 28. Re3 Bxe3 0-1

[Event "Asuncion Viejos Tiempos Cup"]
[Site "Asuncion"]
[Date "2019.01.22"]
[Round "5"]
[White "Battaglia, Jose"]
[Black "Aguero Centurion, Abel Alejandro"]
[Result "0-1"]
[WhiteElo "1695"]
[BlackElo "2099"]
[PlyCount "104"]
[EventDate "2019.01.15"]
[EventType "swiss"]
[EventRounds "7"]
[EventCountry "PAR"]
[SourceTitle "CBM 188 Extra"]
[Source "ChessBase"]
[SourceDate "2019.02.28"]
[SourceVersion "1"]
[SourceVersionDate "2019.02.28"]
[SourceQuality "1"]

1. d4 Nf6 2. Nf3 c5 3. c3 e6 4. Bg5 Be7 5. Nbd2 d5 6. Bxf6 Bxf6 7. e4 cxd4 8. Bb5+ Nc6 9. cxd4 dxe4 10. Nxe4 0-0 11. Nxf6+ Qxf6 12. 0-0 Rd8 13. Qa4 Nxd4 14. Nxd4 Rxd4 15. Qc2 Bd7 16. Bxd7 Rxd7 17. Rfd1 Qd8 18. h3 Rc8 19. Qa4 b5 20. Qb3 a6 21. Rxd7 Qxd7 22. Rd1 Qc6 23. Qd3 h6 24. Rd2 a5 25. a3 Qc1+ 26. Kh2 Qc4 27. Qf3 Qc6 28. Qd1 Qc7+ 29. g3 g6 30. Rd7 Qc5 31. Qf3 Qf5 32. Qxf5 gxf5 33. Rd2 Kg7 34. Kg2 Rc4 35. Kf3 Kf6 36. Ke3 Rc5 37. f3 h5 38. f4 Rc1 39. Kd4 Rc4+ 40. Ke3 Re4+ 41. Kf3 b4 42. Rd3 a4 43. axb4 Rxb4 44. Ra3 Ke7 45. Ke3 Kd6 46. Rd3+ Kc5 47. Rc3+ Rc4 48. Rd3 Re4+ 49. Kf3 Rb4 50. Rc3+ Kd4 51. Rc2 Kd3 52. Re2 Re4 0-1

[Event "Asuncion Avanza Cup"]
[Site "Asuncion"]
[Date "2018.12.08"]
[Round "4"]
[White "Aguero Centurion, Abel Alejandro"]
[Black "Cantero, Rodolfo"]
[Result "1-0"]
[WhiteElo "2057"]
[BlackElo "2045"]
[PlyCount "93"]
[EventDate "2018.12.07"]
[EventType "swiss"]
[EventRounds "7"]
[EventCountry "PAR"]
[SourceTitle "CBM 187 Extra"]
[Source "ChessBase"]
[SourceDate "2018.11.04"]
[SourceVersion "1"]
[SourceVersionDate "2018.11.04"]
[SourceQuality "1"]

1. e4 e5 2. Nf3 d6 3. d4 Nd7 4. Nc3 Be7 5. Be3 Ngf6 6. h3 0-0 7. Qd2 Re8 8. Bc4 exd4 9. Bxf7+ Kxf7 10. Ng5+ Kg8 11. Ne6 dxe3 12. Qxe3 d5 13. Nxd8 Bxd8 14. 0-0-0 dxe4 15. g4 c6 16. g5 Nd5 17. Nxd5 cxd5 18. Rxd5 Bb6 19. Qb3 Nf8 20. Rd7+ Kh8 21. Rd6 Bxf2 22. Qf7 Be3+ 23. Kb1 Be6 24. Qxb7 Bxg5 25. h4 Bf6 26. b3 e3 27. Qf3 Bf7 28. h5 e2 29. Re1 Rad8 30. Rxf6 Rd1+ 31. Rxd1 exd1Q+ 32. Qxd1 gxf6 33. Qd4 Re6 34. h6 a6 35. a4 Kg8 36. c4 Re5 37. Qd8 Rf5 38. a5 Be6 39. Kb2 Kf7 40. Qb6 Bc8 41. Qc7+ Bd7 42. c5 Ke6 43. c6 Rc5 44. cxd7 Nxd7 45. Qd8 Ne5 46. Qg8+ Nf7 47. Qe8+ 1-0

[Event "Asuncion Avanza Cup"]
[Site "Asuncion"]
[Date "2018.12.08"]
[Round "2"]
[White "Aguero Centurion, Abel Alejandro"]
[Black "Villagra Ramirez, Derlis Miguel"]
[Result "1-0"]
[WhiteElo "2057"]
[BlackElo "1676"]
[PlyCount "55"]
[EventDate "2018.12.07"]
[EventType "swiss"]
[EventRounds "7"]
[EventCountry "PAR"]
[SourceTitle "CBM 187 Extra"]
[Source "ChessBase"]
[SourceDate "2018.11.04"]
[SourceVersion "1"]
[SourceVersionDate "2018.11.04"]
[SourceQuality "1"]

1. d4 f5 2. e4 fxe4 3. Nc3 Nf6 4. Bg5 d5 5. Bxf6 exf6 6. Qh5+ g6 7. Qxd5 Qxd5 8. Nxd5 Kd8 9. Nxf6 Bf5 10. g4 Bg7 11. gxf5 Bxf6 12. fxg6 hxg6 13. Bg2 Rh4 14. 0-0-0 Nd7 15. Ne2 Bg5+ 16. Kb1 Nf6 17. h3 c6 18. Nc3 Kc7 19. d5 Rd8 20. dxc6 Rxd1+ 21. Rxd1 bxc6 22. Rd4 Rf4 23. Bxe4 Nd5 24. Rxd5 Bf6 25. Rc5 Bxc3 26. Rxc6+ Kd7 27. Rxc3 Rxe4 28. Kc1 1-0

[Event "PAR-ch"]
[Site "Asuncion"]
[Date "2018.11.21"]
[Round "5"]
[White "Aguero Centurion, Abel Alejandro"]
[Black "Benitez Galeano, Alejandro"]
[Result "1-0"]
[WhiteElo "1996"]
[BlackElo "2065"]
[PlyCount "85"]
[EventDate "2018.11.18"]
[EventType "tourn"]
[EventRounds "9"]
[EventCountry "PAR"]
[SourceTitle "CBM 187 Extra"]
[Source "ChessBase"]
[SourceDate "2018.11.04"]
[SourceVersion "1"]
[SourceVersionDate "2018.11.04"]
[SourceQuality "1"]

1. e4 c5 2. Nf3 e6 3. d4 cxd4 4. Nxd4 Nc6 5. Nc3 Qc7 6. Be3 a6 7. Bd3 Nf6 8. 0-0 h5 9. h3 b5 10. Nxc6 dxc6 11. Qf3 Bd6 12. Rad1 Ng4 13. Rfe1 Nxe3 14. Qxe3 e5 15. Be2 Be6 16. a4 Bb4 17. axb5 axb5 18. Qg3 f6 19. Ra1 Ra5 20. Rxa5 Bxa5 21. Ra1 Kf7 22. Qe3 Bb6 23. Qg3 g6 24. Bd3 Rd8 25. Ne2 Qd7 26. b4 Qe7 27. Kh1 g5 28. Rf1 h4 29. Qf3 Rh8 30. c3 Qd7 31. Rd1 Qc8 32. Ng1 g4 33. Qe2 g3 34. f4 exf4 35. e5 f5 36. Nf3 Be3 37. c4 Rd8 38. cxb5 cxb5 39. Nxh4 Bb3 40. Qh5+ Kg8 41. Qg6+ Kf8 42. Nxf5 Qc7 43. Qf6+ 1-0

[Event "PAR-ch"]
[Site "Asuncion"]
[Date "2018.11.18"]
[Round "2"]
[White "Pereira, Sergio1"]
[Black "Aguero Centurion, Abel Alejandro"]
[Result "1-0"]
[WhiteElo "1994"]
[BlackElo "1996"]
[PlyCount "50"]
[EventDate "2018.11.18"]
[EventType "tourn"]
[EventRounds "9"]
[EventCountry "PAR"]
[SourceTitle "CBM 187 Extra"]
[Source "ChessBase"]
[SourceDate "2018.11.04"]
[SourceVersion "1"]
[SourceVersionDate "2018.11.04"]
[SourceQuality "1"]

1. Nf3 Nf6 2. b3 c5 3. Bb2 Nc6 4. e3 d5 5. Bb5 Bg4 6. h3 Bh5 7. g4 Bg6 8. Ne5 Qd6 9. f4 Be4 10. 0-0 h5 11. d3 hxg4 12. dxe4 Rxh3 13. exd5 Ne4 14. Qxg4 Rg3+ 15. Qxg3 Nxg3 16. dxc6 0-0-0 17. Na3 Qh6 18. cxb7+ Kc7 19. Bc6 Ne2+ 20. Kg2 a6 21. Rh1 Qe6 22. Rad1 Rd6 23. Bf3 f6 24. Rxd6 Qxd6 25. Nac4 Qd7 1-0

[Event "PAR-ch sf"]
[Site "Asuncion"]
[Date "2018.08.14"]
[Round "6"]
[White "Benitez, Raul Ivan"]
[Black "Aguero Centurion, Abel Alejandro"]
[Result "0-1"]
[WhiteElo "1664"]
[BlackElo "2064"]
[PlyCount "72"]
[EventDate "2018.08.10"]
[EventType "swiss"]
[EventRounds "9"]
[EventCountry "PAR"]
[SourceTitle "CBM 186 Extra"]
[Source "ChessBase"]
[SourceDate "2018.08.24"]
[SourceVersion "1"]
[SourceVersionDate "2018.08.24"]
[SourceQuality "1"]

1. e4 c5 2. Nc3 Nc6 3. g3 d6 4. Bg2 g6 5. f4 Bg7 6. Nf3 Rb8 7. a4 e6 8. 0-0 Nge7 9. d3 0-0 10. Be3 Nd4 11. Nb5 Nxf3+ 12. Bxf3 a6 13. Nc3 b5 14. d4 b4 15. Ne2 c4 16. c3 a5 17. b3 Ba6 18. Rf2 d5 19. Rb1 dxe4 20. Bxe4 Nd5 21. Bxd5 Qxd5 22. cxb4 Bb7 23. Kf1 Qh1+ 24. Ng1 Be4 25. Rd2 Bxb1 26. Qxb1 Rxb4 27. Rg2 Rxb3 28. Qc2 Rfb8 29. Re2 Rxe3 30. Rxe3 Bxd4 31. Qe4 Qxe4 32. Rxe4 Rb1+ 33. Kg2 Rxg1+ 34. Kf3 c3 35. Rxd4 c2 36. Rd8+ Kg7 0-1

[Event "PAR-ch sf"]
[Site "Asuncion"]
[Date "2018.08.12"]
[Round "3"]
[White "Salinas, Victor"]
[Black "Aguero Centurion, Abel Alejandro"]
[Result "0-1"]
[WhiteElo "1562"]
[BlackElo "2064"]
[PlyCount "76"]
[EventDate "2018.08.10"]
[EventType "swiss"]
[EventRounds "9"]
[EventCountry "PAR"]
[SourceTitle "CBM 186 Extra"]
[Source "ChessBase"]
[SourceDate "2018.08.24"]
[SourceVersion "1"]
[SourceVersionDate "2018.08.24"]
[SourceQuality "1"]

1. e4 c5 2. Nc3 e6 3. f4 a6 4. Nf3 Qc7 5. d3 b5 6. a3 Bb7 7. Be2 d6 8. 0-0 Nd7 9. f5 e5 10. Qe1 Ngf6 11. Qg3 Rc8 12. Bg5 h6 13. Bh4 Nh5 14. Qg4 Nf4 15. Bd1 Rg8 16. Nd2 g5 17. Bg3 Nf6 18. Qf3 Be7 19. Bxf4 gxf4 20. Qh3 c4 21. Kh1 Qb6 22. dxc4 bxc4 23. Be2 Qe3 24. Qxe3 fxe3 25. Nxc4 Nxe4 26. Nxe4 Bxe4 27. Nxe3 Bg5 28. Bf3 Bxf3 29. Rxf3 Bxe3 30. Rxe3 Rxc2 31. g3 Ke7 32. Rd1 Rxb2 33. Rc3 Rd8 34. Rc6 a5 35. Ra6 Rb5 36. Kg2 d5 37. Rxh6 d4 38. Kf3 Rb3+ 0-1

[Event "PAR-ch sf"]
[Site "Asuncion"]
[Date "2018.08.12"]
[Round "4"]
[White "Vera, Gajardo Jorge L"]
[Black "Aguero Centurion, Abel Alejandro"]
[Result "1/2-1/2"]
[WhiteElo "1988"]
[BlackElo "2064"]
[PlyCount "68"]
[EventDate "2018.08.10"]
[EventType "swiss"]
[EventRounds "9"]
[EventCountry "PAR"]
[SourceTitle "CBM 186 Extra"]
[Source "ChessBase"]
[SourceDate "2018.08.24"]
[SourceVersion "1"]
[SourceVersionDate "2018.08.24"]
[SourceQuality "1"]

1. Nf3 c5 2. b3 Nc6 3. Bb2 d5 4. d4 Nf6 5. e3 Bg4 6. Be2 e6 7. 0-0 cxd4 8. Nxd4 Bxe2 9. Qxe2 Bd6 10. Nb5 Bb8 11. Nd2 h5 12. Nf3 e5 13. g3 a6 14. Nc3 e4 15. Nh4 Ne5 16. Ba3 Qc8 17. Na4 g5 18. f4 gxh4 19. fxe5 Bxe5 20. Bb2 Bxb2 21. Nxb2 hxg3 22. Rxf6 Qc3 23. Raf1 Qxb2 24. Rxf7 0-0-0 25. h3 g2 26. Kxg2 Kb8 27. Re7 Rc8 28. Rff7 Rhg8+ 29. Kh2 Rc6 30. Rxb7+ Kc8 31. Ra7 Qe5+ 32. Kh1 Kb8 33. Rab7+ Kc8 34. Ra7 Kb8 1/2-1/2

[Event "PAR-ch sf"]
[Site "Asuncion"]
[Date "2018.08.10"]
[Round "1"]
[White "Aguero Centurion, Abel Alejandro"]
[Black "Avalos, Rosana"]
[Result "1-0"]
[WhiteElo "2064"]
[BlackElo "1570"]
[PlyCount "49"]
[EventDate "2018.08.10"]
[EventType "swiss"]
[EventRounds "9"]
[EventCountry "PAR"]
[SourceTitle "CBM 186 Extra"]
[Source "ChessBase"]
[SourceDate "2018.08.24"]
[SourceVersion "1"]
[SourceVersionDate "2018.08.24"]
[SourceQuality "1"]

1. d4 Nf6 2. c4 g6 3. Nc3 d6 4. e4 Bg7 5. f3 0-0 6. Bg5 Nbd7 7. Nge2 c6 8. Qd2 Qb6 9. g4 e5 10. d5 Nc5 11. h4 h6 12. Be3 h5 13. g5 Nfd7 14. dxc6 bxc6 15. Qxd6 Rd8 16. Rd1 Bf8 17. Qd2 Ba6 18. b3 Nf6 19. Qc2 Rxd1+ 20. Nxd1 Rd8 21. gxf6 Nd3+ 22. Qxd3 Qa5+ 23. Bd2 Bb4 24. Bxb4 Qxb4+ 25. Qc3 1-0

[Event "Caioba Telecom op"]
[Site "Caioba"]
[Date "2018.08.01"]
[Round "1"]
[White "Aguero Centurion, Abel Alejandro"]
[Black "Lobo, Marcus Vinicius"]
[Result "1-0"]
[WhiteElo "2064"]
[BlackElo "1384"]
[PlyCount "55"]
[EventDate "2018.08.01"]
[EventType "swiss"]
[EventRounds "9"]
[EventCountry "BRA"]
[SourceTitle "CBM 186 Extra"]
[Source "ChessBase"]
[SourceDate "2018.08.24"]
[SourceVersion "1"]
[SourceVersionDate "2018.08.24"]
[SourceQuality "1"]

1. d4 d5 2. Nf3 Bg4 3. Ne5 Nf6 4. Nxg4 Nxg4 5. e4 Nf6 6. e5 Nfd7 7. Bd3 c5 8. e6 Nf6 9. exf7+ Kxf7 10. Bg5 Qa5+ 11. Nd2 c4 12. Bf5 e6 13. Bh3 c3 14. bxc3 Qxc3 15. Rb1 b6 16. 0-0 Qxd4 17. Re1 e5 18. Nf3 Qxd1 19. Nxe5+ Ke8 20. Rbxd1 Bb4 21. Re2 Ne4 22. Nd3 Bc5 23. Nxc5 bxc5 24. Rxe4+ dxe4 25. Rd8+ Kf7 26. Rxh8 Kg6 27. Be3 a5 28. Bxc5 1-0

[Event "Caioba Telecom op"]
[Site "Caioba"]
[Date "2018.08.01"]
[Round "2"]
[White "Quintiliano Pinto, Renato Rodrigues"]
[Black "Aguero Centurion, Abel Alejandro"]
[Result "1-0"]
[WhiteElo "2436"]
[BlackElo "2064"]
[PlyCount "73"]
[EventDate "2018.08.01"]
[EventType "swiss"]
[EventRounds "9"]
[EventCountry "BRA"]
[SourceTitle "CBM 186 Extra"]
[Source "ChessBase"]
[SourceDate "2018.08.24"]
[SourceVersion "1"]
[SourceVersionDate "2018.08.24"]
[SourceQuality "1"]

1. e4 c5 2. Nf3 e6 3. d4 cxd4 4. Nxd4 a6 5. c4 Nf6 6. Nc3 Qc7 7. a3 b6 8. Be3 Bb7 9. f3 Be7 10. Be2 d6 11. 0-0 Nbd7 12. Rc1 0-0 13. Qd2 Rac8 14. b4 Qb8 15. Rfd1 Rfe8 16. Nb3 Ba8 17. Kh1 h5 18. Bf4 Ne5 19. Na4 h4 20. Bxe5 dxe5 21. Qe3 b5 22. Nb6 Rc6 23. Nxa8 Qxa8 24. Na5 Rxc4 25. Bxc4 bxc4 26. Nxc4 Qb8 27. Qb6 Qa8 28. Nxe5 h3 29. Nc6 hxg2+ 30. Kxg2 Bf8 31. Qa7 Qc8 32. Ne7+ Rxe7 33. Qxe7 Qb8 34. Rd8 Qb5 35. Qxf8+ Kh7 36. Qh8+ Kg6 37. Kh1 1-0

[Event "Posadas Realidades 2nd"]
[Site "Posadas"]
[Date "2018.07.22"]
[Round "4.2"]
[White "Aguero Centurion, Abel Alejandro"]
[Black "Almiron, Antonio"]
[Result "0-1"]
[WhiteElo "2063"]
[BlackElo "2340"]
[PlyCount "96"]
[EventDate "2018.07.20"]
[EventType "swiss"]
[EventRounds "5"]
[EventCountry "ARG"]
[SourceTitle "EXT 2024"]
[Source "ChessBase"]
[SourceDate "2023.10.10"]
[SourceVersion "1"]
[SourceVersionDate "2023.10.10"]
[SourceQuality "1"]

1. d4 d6 2. Bf4 g6 3. Nf3 Bg7 4. e3 Nd7 5. h3 e5 6. Bg5 f6 7. Bh4 Nh6 8. dxe5 dxe5 9. e4 0-0 10. Bc4+ Nf7 11. 0-0 Qe7 12. Nc3 c6 13. a4 a5 14. Qe2 Qb4 15. Rab1 Nb6 16. Bb3 Qe7 17. Qe3 Nd7 18. Rfd1 Nc5 19. Bc4 Be6 20. Bf1 Bh6 21. Bxf6 Qxf6 22. Qxc5 Bxh3 23. Rd3 Be6 24. Rbd1 Rfe8 25. Qb6 Qe7 26. R3d2 Bxd2 27. Rxd2 Qb4 28. Qe3 Red8 29. Rxd8+ Rxd8 30. b3 Rd7 31. Ne2 Kg7 32. Nc1 h6 33. Nd3 Qc3 34. Nh4 Ng5 35. Qg3 Bf7 36. f3 Re7 37. Qf2 Qd4 38. Qxd4 exd4 39. Kf2 Ne6 40. Ne5 Be8 41. g3 b5 42. Ke2 bxa4 43. bxa4 Nc5 44. Nc4 Ra7 45. Nb6 Bf7 46. Kd2 Rb7 47. Nc4 Bxc4 48. Bxc4 Rb4 0-1

[Event "Brazil Foz do Iguacu op"]
[Site "Foz do Iguacu"]
[Date "2018.05.19"]
[Round "8"]
[White "Aguero Centurion, Abel Alejandro"]
[Black "Terao, Juliana Sayumi"]
[Result "0-1"]
[WhiteElo "2001"]
[BlackElo "2255"]
[PlyCount "74"]
[EventDate "2018.05.16"]
[EventType "swiss"]
[EventRounds "9"]
[EventCountry "BRA"]
[SourceTitle "EXT 2019"]
[Source "ChessBase"]
[SourceDate "2018.10.10"]
[SourceVersion "1"]
[SourceVersionDate "2018.10.10"]
[SourceQuality "1"]

1. d4 Nf6 2. Nf3 g6 3. Bf4 Bg7 4. e3 c5 5. c3 b6 6. Nbd2 0-0 7. Be2 Bb7 8. Qc2 d6 9. h3 Nbd7 10. 0-0 Qc7 11. Bh2 a6 12. a4 Rac8 13. Rfe1 Rfe8 14. Bf1 Qb8 15. Qb3 Qa8 16. Ng5 Rf8 17. Rad1 h6 18. Ngf3 Ne4 19. Nxe4 Bxe4 20. Nd2 Bc6 21. Nc4 b5 22. Na5 Bd5 23. Qc2 Nf6 24. axb5 axb5 25. Ra1 Qb8 26. dxc5 Rxc5 27. e4 Ba8 28. e5 dxe5 29. b4 Rd5 30. c4 bxc4 31. Bxc4 Qxb4 32. Bxd5 Nxd5 33. Bxe5 Bxe5 34. Rxe5 e6 35. Ra4 Qd6 36. Nc4 Qc6 37. Ne3 Nxe3 0-1

[Event "Brazil Foz do Iguacu op"]
[Site "Foz do Iguacu"]
[Date "2018.05.17"]
[Round "4"]
[White "Aguero Centurion, Abel Alejandro"]
[Black "Borges, Guilherme Deola"]
[Result "1/2-1/2"]
[WhiteElo "2001"]
[BlackElo "2211"]
[PlyCount "115"]
[EventDate "2018.05.16"]
[EventType "swiss"]
[EventRounds "9"]
[EventCountry "BRA"]
[SourceTitle "CBM 184 Extra"]
[Source "ChessBase"]
[SourceDate "2018.06.28"]
[SourceVersion "1"]
[SourceVersionDate "2018.06.28"]
[SourceQuality "1"]

1. d4 Nf6 2. c4 e6 3. Nc3 d5 4. cxd5 exd5 5. Bg5 Nbd7 6. Nf3 c6 7. e3 Be7 8. Bd3 0-0 9. 0-0 Re8 10. Nd2 Nf8 11. a3 a5 12. Rb1 Ng6 13. b4 axb4 14. axb4 Bd6 15. Kh1 h6 16. Bxg6 hxg5 17. Bd3 Ng4 18. h3 Nh2 19. Qh5 Nxf1 20. Nxf1 Qf6 21. b5 Bf5 22. Bxf5 Qxf5 23. Qe2 Ra3 24. Rc1 Rea8 25. bxc6 bxc6 26. Qb2 Qd3 27. Kg1 Rb8 28. Qc2 Qxc2 29. Rxc2 Rbb3 30. Ne2 Ra1 31. Rxc6 Bb8 32. Nc3 Kh7 33. Rc5 Bd6 34. Rc6 Rc1 35. Rxd6 Rbxc3 36. g4 Rd1 37. Kg2 Rcc1 38. Ng3 Rg1+ 39. Kf3 Rc2 40. Rxd5 Kg6 41. Rd6+ Kh7 42. Ne4 f6 43. Rd7 Kh8 44. d5 Rh1 45. Kg3 Rcc1 46. d6 Rcg1+ 47. Kf3 Rxh3+ 48. Ng3 Rd1 49. Ke2 Rd5 50. Nf5 Rh1 51. e4 Rdd1 52. Re7 Rhe1+ 53. Kf3 Rd3+ 54. Kg2 g6 55. Nh6 Red1 56. Nf7+ Kg8 57. Nh6+ Kh8 58. Nf7+ 1/2-1/2

[Event "Brazil Foz do Iguacu op"]
[Site "Foz do Iguacu"]
[Date "2018.05.17"]
[Round "3"]
[White "El Debs, Felipe de Cresce"]
[Black "Aguero Centurion, Abel Alejandro"]
[Result "1-0"]
[WhiteElo "2545"]
[BlackElo "2001"]
[PlyCount "39"]
[EventDate "2018.05.16"]
[EventType "swiss"]
[EventRounds "9"]
[EventCountry "BRA"]
[SourceTitle "CBM 184 Extra"]
[Source "ChessBase"]
[SourceDate "2018.06.28"]
[SourceVersion "1"]
[SourceVersionDate "2018.06.28"]
[SourceQuality "1"]

1. Nf3 c5 2. e4 e6 3. c3 Nf6 4. e5 Nd5 5. d4 cxd4 6. cxd4 d6 7. Bc4 Nb6 8. Bb3 Nc6 9. a3 Be7 10. Nc3 dxe5 11. dxe5 Nd7 12. Qe2 Nc5 13. Bc2 b6 14. 0-0 Ba6 15. Nb5 Qb8 16. b4 Nd7 17. Be4 Ndxe5 18. Nxe5 Nd4 19. Bc6+ Kf8 20. Nxd4 1-0

[Event "PAR-ch qual1"]
[Site "Asuncion"]
[Date "2018.03.31"]
[Round "7"]
[White "Butti, Enrique"]
[Black "Aguero Centurion, Abel Alejandro"]
[Result "0-1"]
[WhiteElo "2064"]
[BlackElo "1974"]
[PlyCount "74"]
[EventDate "2018.03.28"]
[EventType "swiss"]
[EventRounds "7"]
[EventCountry "PAR"]
[SourceTitle "EXT 2019"]
[Source "ChessBase"]
[SourceDate "2018.10.10"]
[SourceVersion "1"]
[SourceVersionDate "2018.10.10"]
[SourceQuality "1"]

1. Nf3 Nf6 2. c4 e6 3. d4 c5 4. e3 cxd4 5. exd4 d5 6. Nc3 Be7 7. cxd5 Nxd5 8. Bd3 0-0 9. 0-0 b6 10. Re1 Bb7 11. Ne5 Nd7 12. Qh5 N7f6 13. Qh3 Nb4 14. Bb1 Qxd4 15. Bg5 g6 16. Bh6 Rfe8 17. Nxf7 Ng4 18. Be3 Nxe3 19. Nh6+ Kg7 20. fxe3 Qd2 21. Rf1 Qxg2+ 22. Qxg2 Bxg2 23. Kxg2 Kxh6 24. a3 Nd5 25. Nxd5 exd5 26. e4 Bc5 27. Re1 Bd4 28. Ra2 Re5 29. Rd1 Rg5+ 30. Kh1 Rf8 31. exd5 Rxd5 32. b4 Rg5 33. Be4 Rf4 34. Bg2 a5 35. bxa5 bxa5 36. a4 Bc5 37. Rd5 Rf1+ 0-1